Standard handbook of lubricate engineering (Record no. 28443)

MARC details
000 -LEADER
fixed length control field 00292nam a2200109Ia 4500
082 ## - DEWEY DECIMAL CLASSIFICATION NUMBER
Classification number 621.89(035)
Item number OCO
100 ## - MAIN ENTRY--AUTHOR NAME
Personal name Oconnor, J J
245 #0 - TITLE STATEMENT
Title Standard handbook of lubricate engineering
260 ## - PUBLICATION, DISTRIBUTION, ETC. (IMPRINT)
Place of publication New York
Name of publisher McGraw Hill
Year of publication 1968
942 ## - ADDED ENTRY ELEMENTS (KOHA)
Koha item type Books
Holdings
Withdrawn status Lost status Damaged status Not for loan Home library Current library Date acquired Cost, normal purchase price Full call number Accession Number Koha item type
        RRII Library RRII Library 16/12/2021 39.50 621.89(035) OCO 09044 Books